[Event "TOP 16 Jeunes "]
[Site "Agneaux"]
[Date "2010.05.22"]
[Round "8.4"]
[White "Bombail, Leonard"]
[Black "Eid, Amine"]
[Result "1-0"]
[WhiteElo "1746"]
[BlackElo "1874"]
[PlyCount "61"]
[EventDate "2010.05.23"]
[EventType "team-match"]
[EventCountry "FRA"]

1. b3 d5 2. Bb2 Bg4 3. Nf3 Bxf3 4. exf3 e6 5. g3 Nf6 6. Bg2 Be7 7. O-O O-O 8.
Re1 c5 9. f4 Nc6 10. d3 Qc7 11. Nd2 Rfd8 12. Nf3 Nd7 13. Qe2 Bf6 14. Bxf6 Nxf6
15. Ne5 Rac8 16. Nxc6 Qxc6 17. g4 Qd6 18. g5 Nd7 19. Qg4 Re8 20. Re3 b5 21.
Rae1 c4 22. f5 Nf8 23. f6 cxd3 24. cxd3 Rc2 25. Qd4 gxf6 26. gxf6 Qb6 27. Qh4
e5 28. Qh6 Ne6 29. Rf1 Qd4 30. Rg3+ Kh8 31. Rh3 1-0

[Event "TOP 16 Jeunes "]
[Site "Agneaux"]
[Date "2010.05.22"]
[Round "8.5"]
[White "Banat, Rizlene"]
[Black "Colin, Enzo"]
[Result "1-0"]
[WhiteElo "1638"]
[BlackElo "1600"]
[PlyCount "57"]
[EventDate "2010.05.23"]
[EventType "team-match"]
[EventCountry "FRA"]

1. Nf3 Nf6 2. c4 g6 3. g3 Bg7 4. Bg2 O-O 5. O-O d6 6. Nc3 e5 7. d3 Nbd7 8. b4
c6 9. Rb1 Rb8 10. a4 d5 11. cxd5 cxd5 12. e3 Re8 13. Qb3 Nf8 14. Bb2 e4 15.
dxe4 Nxe4 16. Nxe4 dxe4 17. Rfd1 Qe7 18. Bxg7 Kxg7 19. Qb2+ Kg8 20. Nd2 Bf5 21.
h3 Bd7 22. Nxe4 Bxa4 23. Nf6+ Kh8 24. Nxe8+ f6 25. Nxf6 Bxd1 26. Ne8+ Kg8 27.
Bd5+ Ne6 28. Bxe6+ Kf8 29. Qh8# 1-0

[Event "TOP 16 Jeunes "]
[Site "Agneaux"]
[Date "2010.05.22"]
[Round "8.6"]
[White "Guedon, Sosthene"]
[Black "Vigna, Leo"]
[Result "0-1"]
[WhiteElo "1609"]
[BlackElo "1655"]
[PlyCount "112"]
[EventDate "2010.05.23"]
[EventType "team-match"]
[EventCountry "FRA"]

1. e4 c5 2. Nf3 e6 3. d4 cxd4 4. Nxd4 Bc5 5. Nc3 Qb6 6. Na4 Qa5+ 7. c3 Bxd4 8.
Qxd4 Nf6 9. Bg5 Qxg5 10. e5 Nc6 11. Qd1 Qxe5+ 12. Be2 b5 13. O-O bxa4 14. Bf3
Bb7 15. Qxa4 Na5 16. Rfe1 Qg5 17. Bxb7 Nxb7 18. Qb4 Nc5 19. Qd4 Qd5 20. Qe3
Nce4 21. Rad1 Qf5 22. f3 Nc5 23. g4 Nxg4 24. fxg4 Qxg4+ 25. Kh1 Nb7 26. Qd3 O-O
27. Rg1 Qh5 28. Qg3 Qg6 29. Qf3 Qf5 30. Qxb7 d5 31. Rdf1 Qe4+ 32. Rg2 Rab8 33.
Qe7 Rxb2 34. Rfg1 Rfb8 35. Qg5 g6 36. Qg4 Rxg2 37. Qxg2 Qxg2+ 38. Rxg2 Rb1+ 39.
Rg1 Rxg1+ 40. Kxg1 f5 41. Kf2 e5 42. Ke3 Kf7 43. h4 h6 44. Kf3 g5 45. h5 Kf6
46. Ke3 f4+ 47. Kf3 Kf5 48. Ke2 g4 49. Kf2 g3+ 50. Kf3 e4+ 51. Kg2 Kg4 52. a3
f3+ 53. Kf1 e3 54. a4 f2 55. a5 Kf3 56. a6 e2# 0-1

[Event "TOP 16 Jeunes "]
[Site "Agneaux"]
[Date "2010.05.22"]
[Round "8.7"]
[White "Kieffer, Anatole"]
[Black "Larraufie, Tom"]
[Result "1-0"]
[WhiteElo "1800"]
[BlackElo "1380"]
[PlyCount "81"]
[EventDate "2010.05.23"]
[EventType "team-match"]
[EventCountry "FRA"]

1. e4 e5 2. Nf3 Nc6 3. Bc4 Bc5 4. c3 d6 5. d4 exd4 6. cxd4 Bb4+ 7. Bd2 Bxd2+ 8.
Nbxd2 Nf6 9. O-O O-O 10. Bb3 Bg4 11. h3 Bxf3 12. Nxf3 Nxe4 13. d5 Ne5 14. Nxe5
dxe5 15. Re1 Nc5 16. Rxe5 Qf6 17. Re2 Rad8 18. Bc4 c6 19. Rc1 b5 20. b4 bxc4
21. bxc5 cxd5 22. Rd2 Qe6 23. Rxc4 Rd7 24. c6 dxc4 25. cxd7 Rd8 26. Re2 Rxd7
27. Qe1 c3 28. Rxe6 fxe6 29. Qxe6+ Rf7 30. Qc8+ Rf8 31. Qxc3 Rd8 32. Qc7 Rd1+
33. Kh2 a6 34. Qb8+ Kf7 35. Qb3+ Ke7 36. Qxd1 Ke6 37. Qd4 Kf5 38. g4+ Kg5 39.
Qe5+ Kg6 40. Qf5+ Kh6 41. Qh5# 1-0

[Event "TOP 16 Jeunes "]
[Site "Agneaux"]
[Date "2010.05.22"]
[Round "8.7"]
[White "Mestrallet, Ivan"]
[Black "Kieffer, Anatole"]
[Result "0-1"]
[WhiteElo "1510"]
[BlackElo "1800"]
[PlyCount "104"]
[EventDate "2010.05.23"]
[EventType "team-match"]
[EventCountry "FRA"]

1. e4 e5 2. Nf3 Nc6 3. Nc3 Nf6 4. Bc4 Bc5 5. d3 d6 6. Bg5 h6 7. Be3 Bb6 8. Qe2
Be6 9. Bb3 Qd7 10. O-O O-O 11. Rad1 Bg4 12. Rd2 Nd4 13. Bxd4 Bxd4 14. Nd1 Nh5
15. Ne3 Nf4 16. Qd1 Bxf3 17. Qxf3 Bxb2 18. Nf5 Kh7 19. Qg4 g6 20. Nxh6 Qxg4 21.
Nxg4 f5 22. exf5 gxf5 23. Ne3 c6 24. Nc4 Bc3 25. Rdd1 d5 26. Na3 a5 27. Nb1
Ne2+ 28. Kh1 a4 29. Nxc3 Nxc3 30. Rde1 e4 31. dxe4 axb3 32. axb3 Nxe4 33. f3
Ng5 34. h4 Nf7 35. g4 Rfe8 36. gxf5 Nd6 37. f6 Kg6 38. Kh2 Kxf6 39. Rg1 Nf5 40.
h5 Rg8 41. Kh3 Rg5 42. Rxg5 Kxg5 43. Re2 Kxh5 44. f4 Rg8 45. Re5 Kg6 46. Kg4
Kf6+ 47. Kf3 Rg3+ 48. Kf2 Rh3 49. Kg2 Re3 50. Rxe3 Nxe3+ 51. Kf2 Nxc2 52. Ke2
Nd4+ 0-1

[Event "TOP 16 Jeunes "]
[Site "Agneaux"]
[Date "2010.05.22"]
[Round "8.1"]
[White "Netzer, Jacques"]
[Black "Gelin, Baptiste"]
[Result "1-0"]
[WhiteElo "2230"]
[BlackElo "1935"]
[PlyCount "41"]
[EventDate "2010.05.23"]
[EventType "team-match"]
[EventCountry "FRA"]

1. e4 e5 2. Nf3 Nc6 3. Bb5 a6 4. Ba4 Nf6 5. O-O b5 6. Bb3 Bb7 7. d4 Nxd4 8.
Bxf7+ Kxf7 9. Nxe5+ Kg8 10. Qxd4 Nxe4 11. Qxd7 Qf6 12. Qxc7 Bd5 13. Ng4 Qf5 14.
Qe5 Qf7 15. Nc3 Nxc3 16. Qxc3 Bd6 17. Rd1 Qh5 18. Bh6 Qxg4 19. Rxd5 Bb4 20. Qb3
Kf8 21. Rg5 1-0

[Event "TOP 16 Jeunes "]
[Site "Agneaux"]
[Date "2010.05.22"]
[Round "8.2"]
[White "Loiseau, Quentin"]
[Black "Ider, Borya"]
[Result "1-0"]
[WhiteElo "2207"]
[BlackElo "2284"]
[PlyCount "79"]
[EventDate "2010.05.23"]
[EventType "team-match"]
[EventCountry "FRA"]

1. e4 e6 2. d4 d5 3. Nd2 Be7 4. e5 c5 5. Qg4 g6 6. h4 h5 7. Qf4 Nh6 8. Ngf3 Nc6
9. a3 c4 10. Ng5 Nf5 11. Ndf3 Bd7 12. Be2 Qa5+ 13. c3 Nh6 14. O-O O-O-O 15.
Nxf7 Rdf8 16. Nxh8 Rxf4 17. Bxf4 Nf5 18. Nxg6 Be8 19. Nxe7+ Ncxe7 20. Bg5 Bg6
21. Rad1 Nc6 22. Bf6 Qb6 23. Rd2 Na5 24. Bd1 Nb3 25. Bxb3 Qxb3 26. Ng5 Kd7 27.
Nh3 Ke8 28. Re1 Qb5 29. f3 Qd7 30. g4 hxg4 31. fxg4 Nxh4 32. Kf2 Qh7 33. Ng5
Qh6 34. Kg3 Bf7 35. Rh2 Qg6 36. Rxh4 Qd3+ 37. Kf2 Bg6 38. Nxe6 Qd2+ 39. Re2 Qc1
40. Rh8+ 1-0

[Event "TOP 16 Jeunes "]
[Site "Agneaux"]
[Date "2010.05.22"]
[Round "8.3"]
[White "Viennot, Dylan"]
[Black "Pruvot, Louis"]
[Result "0-1"]
[WhiteElo "1998"]
[BlackElo "1907"]
[PlyCount "70"]
[EventDate "2010.05.23"]
[EventType "team-match"]
[EventCountry "FRA"]

1. e4 e5 2. Nf3 Nc6 3. Bb5 a6 4. Ba4 Nf6 5. O-O b5 6. Bb3 Bb7 7. d3 Bd6 8. c3
O-O 9. Re1 h6 10. Nh4 Re8 11. Nf5 Bf8 12. Qf3 d5 13. exd5 Na5 14. Qg3 Kh8 15.
Bc2 Bxd5 16. Rxe5 Rxe5 17. Qxe5 Qd7 18. Ne3 Re8 19. Qg3 Bd6 20. Qh4 Re5 21. f4
Rh5 22. Qf2 Ng4 23. Nxg4 Qxg4 24. c4 Bc5 25. d4 Bxd4 26. cxd5 Bxf2+ 27. Kxf2
Rxh2 28. Be4 Nc4 29. Nc3 Qh4+ 30. Ke2 Qg4+ 31. Kd3 Qg3+ 32. Kd4 Qf2+ 33. Kd3
Rh1 34. b3 Rxc1 35. Rxc1 Qd2# 0-1

[Event "TOP 16 Jeunes "]
[Site "Agneaux"]
[Date "2010.05.22"]
[Round "8.4"]
[White "Rouffignac, Tanguy"]
[Black "Messinger, Karl"]
[Result "1-0"]
[WhiteElo "1897"]
[BlackElo "1883"]
[PlyCount "99"]
[EventDate "2010.05.23"]
[EventType "team-match"]
[EventCountry "FRA"]

1. e4 c5 2. Nf3 Nc6 3. Nc3 g6 4. d4 cxd4 5. Nxd4 Bg7 6. Be3 Nf6 7. Bc4 Qa5 8.
O-O O-O 9. Bb3 d6 10. h3 Bd7 11. Re1 Rfc8 12. Qe2 Qh5 13. Rad1 Na5 14. Qxh5
Nxh5 15. Nd5 Kf8 16. Rd2 Nc4 17. Bxc4 Rxc4 18. b3 Rcc8 19. c4 e6 20. Nc3 a6 21.
Nde2 Ke7 22. Red1 Rc6 23. f4 Rd8 24. g4 Nf6 25. Nd4 Rcc8 26. e5 Ne8 27. Nf3 Bc6
28. Ng5 h6 29. Nge4 d5 30. Bc5+ Kd7 31. cxd5 exd5 32. Nxd5 Ke6 33. Nc7+ Nxc7
34. Rxd8 Rxd8 35. Rxd8 Bxe4 36. Rd6+ Ke7 37. Rd4+ Ke6 38. Rxe4 Kd5 39. Rc4 b5
40. Rc2 Ne6 41. Be3 Ke4 42. Kf2 Nxf4 43. Bxf4 Kxf4 44. Rc7 Bxe5 45. Rxf7+ Kg5
46. Rf8 Bc7 47. Rc8 Bb6+ 48. Kg3 a5 49. Rc6 Be3 50. h4# 1-0

[Event "TOP 16 Jeunes "]
[Site "Agneaux"]
[Date "2010.05.22"]
[Round "8.5"]
[White "Devoille, Hugo"]
[Black "Mohammad, Fahim"]
[Result "1-0"]
[WhiteElo "1719"]
[BlackElo "1826"]
[PlyCount "85"]
[EventDate "2010.05.23"]
[EventType "team-match"]
[EventCountry "FRA"]

1. e4 c5 2. Nf3 d6 3. Bb5+ Bd7 4. Bxd7+ Qxd7 5. O-O Nf6 6. Qe2 Nc6 7. c3 e6 8.
Rd1 Be7 9. d4 cxd4 10. cxd4 d5 11. e5 Ne4 12. Nbd2 Nxd2 13. Bxd2 O-O 14. Bc3
Rac8 15. Ne1 Rc7 16. Rd3 b5 17. Rh3 Rfc8 18. Qh5 h6 19. Nf3 Qe8 20. Rg3 Kh7 21.
Qg4 Qf8 22. Bd2 Nb4 23. Ne1 Nc2 24. Nxc2 Rxc2 25. Bc3 Bg5 26. Qd1 Rc1 27. Rxc1
Bxc1 28. Qxc1 b4 29. Qb1+ g6 30. Bd2 Rc4 31. Be3 Qc8 32. Rh3 Kg7 33. Bxh6+ Kg8
34. Rg3 Qe8 35. Qd1 Qc6 36. h4 Kh7 37. Qd2 Rc2 38. Qf4 Qe8 39. h5 Rxb2 40.
hxg6+ fxg6 41. Qf6 Qg8 42. Qe7+ Kh8 43. Bf8 1-0

[Event "TOP 16 Jeunes "]
[Site "Agneaux"]
[Date "2010.05.22"]
[Round "8.6"]
[White "Guerlach, Keigo"]
[Black "Veys, Vincent"]
[Result "0-1"]
[WhiteElo "1631"]
[BlackElo "1687"]
[PlyCount "58"]
[EventDate "2010.05.23"]
[EventType "team-match"]
[EventCountry "FRA"]

1. e4 e5 2. Nf3 Nc6 3. Bb5 a6 4. Bxc6 dxc6 5. O-O Bg4 6. h3 h5 7. d3 Qf6 8. Be3
Bxf3 9. Qxf3 Qxf3 10. gxf3 Bd6 11. Nd2 Ne7 12. Rfb1 a5 13. a3 Kd7 14. c3 c5 15.
Kf1 f5 16. d4 cxd4 17. cxd4 f4 18. dxe5 Bxe5 19. Nc4 fxe3 20. Nxe5+ Ke6 21. Nc4
exf2 22. Kxf2 Nc6 23. Rd1 Rad8 24. Ne3 Nd4 25. Rd3 c6 26. Rad1 c5 27. Nd5 Rc8
28. R1d2 Rhf8 29. Ke3 Rxf3# 0-1

[Event "TOP 16 Jeunes "]
[Site "Agneaux"]
[Date "2010.05.22"]
[Round "8.1"]
[White "Bensaid, Alexandre"]
[Black "Toullec, Renan"]
[Result "1-0"]
[WhiteElo "1921"]
[BlackElo "1705"]
[PlyCount "152"]
[EventDate "2010.05.23"]
[EventType "team-match"]
[EventCountry "FRA"]

1. e4 e5 2. Nf3 Nc6 3. Bb5 a6 4. Ba4 Nf6 5. O-O b5 6. Bb3 Be7 7. Re1 d6 8. h3
Na5 9. c3 c5 10. d4 Qc7 11. Nbd2 O-O 12. Nf1 Nxb3 13. Qxb3 c4 14. Qc2 Bb7 15.
Ng3 Rfe8 16. d5 Bf8 17. Qe2 g6 18. Nh2 Bc8 19. Qf3 Bg7 20. Bg5 Qe7 21. Ngf1 h6
22. Be3 Nh7 23. Ng3 Ng5 24. Qd1 Bd7 25. h4 Nh7 26. h5 Ng5 27. Qd2 gxh5 28. Bxg5
Qxg5 29. Qxg5 hxg5 30. Nxh5 f6 31. g4 Kf7 32. Kg2 Rh8 33. f3 Bf8 34. Nf1 Be7
35. Ne3 Bd8 36. Ng3 Bb6 37. Nef5 Bxf5 38. Nxf5 Bc5 39. Rh1 a5 40. Rh5 Rxh5 41.
gxh5 Rh8 42. Rh1 a4 43. Kg3 a3 44. bxa3 Bxa3 45. Kg4 Bc5 46. Rb1 Rb8 47. a4 b4
48. cxb4 Rxb4 49. Rxb4 Bxb4 50. Ne3 c3 51. Nc2 Ba5 52. Kf5 Bb6 53. h6 Bd8 54.
h7 Kg7 55. Ke6 Kxh7 56. Kxd6 Kg7 57. Kd7 Bb6 58. Ke7 Kg6 59. d6 Bc5 60. Ke6 Bb6
61. Na3 Ba5 62. Nc2 Bb6 63. Kd5 f5 64. Kxe5 fxe4 65. fxe4 g4 66. Kf4 Kf6 67.
Kxg4 Ke5 68. Kf3 Kxd6 69. Ke2 Ke5 70. Kd3 Ba5 71. Ne3 Bd8 72. Nc4+ Kf4 73. Ne3
Ke5 74. Nc2 Ba5 75. Nd4 Bb6 76. Nb3 c2 1-0

[Event "TOP 16 Jeunes "]
[Site "Agneaux"]
[Date "2010.05.22"]
[Round "8.2"]
[White "Bouyssieres, Max"]
[Black "Lemeille, Francois"]
[Result "0-1"]
[WhiteElo "1702"]
[BlackElo "1966"]
[PlyCount "102"]
[EventDate "2010.05.23"]
[EventType "team-match"]
[EventCountry "FRA"]

1. e4 c5 2. Nf3 d6 3. d4 cxd4 4. Nxd4 Nf6 5. Nc3 a6 6. Bc4 e6 7. Bb3 Nbd7 8.
Bg5 Nc5 9. Qf3 Be7 10. O-O Qc7 11. Rad1 O-O 12. Rfe1 b5 13. a3 Bb7 14. Ba2
Nfxe4 15. Bxe7 Nxc3 16. Qxc3 Qxe7 17. Re3 Ne4 18. Qe1 d5 19. f3 Nf6 20. c3 Qd6
21. Qh4 Bc8 22. Rde1 Re8 23. Nf5 Qd8 24. Bb1 g6 25. Qg5 Bb7 26. Nd4 Nd7 27. Qg3
Rc8 28. f4 Qf6 29. f5 e5 30. fxg6 hxg6 31. Rf1 Qg7 32. Rfe1 e4 33. Qh3 Ne5 34.
Rg3 Qh7 35. Qf5 Rc7 36. Qf6 Qh8 37. Qf4 Rd7 38. Nf5 Qf6 39. Rf1 Qb6+ 40. Kh1 f6
41. Qh6 Rh7 42. Rxg6+ Kh8 43. Qxh7+ Kxh7 44. Rg7+ Kh8 45. Rf4 Nf3 46. gxf3 Qf2
47. Rg2 exf3 48. Rh4+ Qxh4 49. Nxh4 Re1+ 50. Rg1 f2 51. Ng6+ Kg7 0-1

[Event "TOP 16 Jeunes "]
[Site "Agneaux"]
[Date "2010.05.22"]
[Round "8.3"]
[White "Zychowski, Antoine"]
[Black "Dupouy, Francois"]
[Result "0-1"]
[WhiteElo "1703"]
[BlackElo "1801"]
[PlyCount "112"]
[EventDate "2010.05.23"]
[EventType "team-match"]
[EventCountry "FRA"]

1. e4 e6 2. d4 d5 3. Nc3 Bb4 4. e5 c5 5. Bd2 Nc6 6. Nb5 Bxd2+ 7. Qxd2 cxd4 8.
f4 f6 9. exf6 Nxf6 10. Nf3 Ne4 11. Qe2 Qa5+ 12. Nd2 a6 13. Na3 Nxd2 14. Qxd2
Qxd2+ 15. Kxd2 O-O 16. g3 h6 17. Re1 Bd7 18. Bg2 g5 19. fxg5 Rf2+ 20. Re2 Rxe2+
21. Kxe2 hxg5 22. Rd1 Be8 23. Bf3 Bf7 24. Nb1 e5 25. a3 e4 26. Bg4 Ne5 27. h3
Nxg4 28. hxg4 Be6 29. Rxd4 Bxg4+ 30. Ke3 Be6 31. Nd2 Kf7 32. Rb4 Rb8 33. Rb6
Kf6 34. Nb3 Ke5 35. Nd4 Bd7 36. a4 Re8 37. b3 Bc8 38. Rg6 g4 39. Rb6 Rh8 40. c3
Rh3 41. Ne2 Rh1 42. Rb4 Rf1 43. Nd4 Rf7 44. Rb6 Rc7 45. Kd2 Rf7 46. Ke3 Rf1 47.
Rb4 Rc1 48. Ne2 Rd1 49. Nf4 Rf1 50. Ng6+ Kd6 51. Nh4 Rc1 52. Kd2 Rg1 53. Ke3
Rxg3+ 54. Kf4 Rxc3 55. Ng2 Rf3+ 56. Kg5 Kc5 0-1

[Event "TOP 16 Jeunes "]
[Site "Agneaux"]
[Date "2010.05.22"]
[Round "8.4"]
[White "Wassen, Antoine"]
[Black "Lam Roques, Kalvin"]
[Result "0-1"]
[WhiteElo "1679"]
[BlackElo "1817"]
[PlyCount "140"]
[EventDate "2010.05.23"]
[EventType "team-match"]
[EventCountry "FRA"]

1. d4 d5 2. c4 e6 3. Nc3 Nf6 4. Nf3 b6 5. e3 Bb7 6. Bd3 Bd6 7. O-O O-O 8. cxd5
exd5 9. Qc2 Re8 10. b3 c5 11. Nb5 Nc6 12. Nxd6 Qxd6 13. a3 cxd4 14. Nxd4 Nxd4
15. exd4 Rac8 16. Qb2 h6 17. g3 g5 18. Bf5 Ba6 19. Rd1 Re2 20. Bd2 Rce8 21. Re1
Kg7 22. Rxe2 Rxe2 23. Re1 Qe7 24. Qc1 Rxe1+ 25. Qxe1 Qxa3 26. Qb1 Qe7 27. Be3
Qb4 28. h4 Qc3 29. hxg5 hxg5 30. Kg2 Be2 31. Qa2 Qe1 32. Qb1 Qxb1 33. Bxb1 g4
34. b4 Ne4 35. Bf4 Nc3 36. Bf5 Nb5 37. Be3 a5 38. bxa5 bxa5 39. Bc2 Kf6 40. Bb3
Ke6 41. Bc2 f6 42. Bb3 Kd6 43. Bc2 Kc6 44. Ba4 Kb6 45. Bc2 Kb7 46. Bb3 Kc6 47.
Ba4 Kb6 48. Bc2 Nc3 49. Bd2 Ne4 50. Be1 Kb5 51. Bb3 Bc4 52. Bc2 a4 53. f3 gxf3+
54. Kxf3 f5 55. g4 a3 56. Bxe4 fxe4+ 57. Ke3 a2 58. Bc3 Bf1 59. Kf2 Bh3 60. g5
Kc4 61. Ba1 Kb3 62. g6 Bf5 63. g7 Be6 64. Ke2 Kc2 65. Ke1 Kb1 66. Kd2 Kxa1 67.
Kc2 e3 68. Kc1 e2 69. Kc2 e1=Q 70. g8=Q Bxg8 0-1

[Event "TOP 16 Jeunes "]
[Site "Agneaux"]
[Date "2010.05.22"]
[Round "8.5"]
[White "Joudelat, Noemie"]
[Black "Jouanneau, Gatien"]
[Result "1-0"]
[WhiteElo "1785"]
[BlackElo "1560"]
[PlyCount "61"]
[EventDate "2010.05.23"]
[EventType "team-match"]
[EventCountry "FRA"]

1. e4 e5 2. Nf3 Nc6 3. Bc4 Bc5 4. c3 d6 5. d4 Bb6 6. h3 Nf6 7. Bg5 h6 8. Bxf6
Qxf6 9. d5 Ne7 10. Qe2 O-O 11. Nbd2 c6 12. O-O-O cxd5 13. exd5 Bf5 14. g4 Bh7
15. Bd3 Bxd3 16. Qxd3 Bxf2 17. Rdf1 Bb6 18. Ne4 Qf4+ 19. Nfd2 Qe3 20. Qb5 h5
21. g5 a6 22. Qb3 Qe2 23. Qxb6 Nxd5 24. Qf2 Qd3 25. Qf5 Ne3 26. Nf6+ gxf6 27.
Qxd3 Nxf1 28. Rxf1 fxg5 29. Ne4 Rfd8 30. Nf6+ Kh8 31. Qh7# 1-0

[Event "TOP 16 Jeunes "]
[Site "Agneaux"]
[Date "2010.05.22"]
[Round "8.1"]
[White "Peyre, Thomas"]
[Black "Domenech, Vianney"]
[Result "1/2-1/2"]
[WhiteElo "2061"]
[BlackElo "2055"]
[PlyCount "65"]
[EventDate "2010.05.23"]
[EventType "team-match"]
[EventCountry "FRA"]

1. e4 d5 2. exd5 Qxd5 3. Nc3 Qa5 4. d4 Nf6 5. Nf3 Bf5 6. Bc4 c6 7. Bd2 e6 8.
Qe2 Qb6 9. O-O-O Be7 10. Nh4 Bg6 11. Nxg6 hxg6 12. Bf4 Nd5 13. Nxd5 cxd5 14.
Bxb8 Rxb8 15. Bb5+ Kf8 16. Kb1 a6 17. Ba4 Qc7 18. h4 b5 19. Bb3 a5 20. c3 a4
21. Bc2 Rxh4 22. Rxh4 Bxh4 23. Rh1 Bf6 24. Bxg6 Ke7 25. Bd3 a3 26. Rc1 axb2 27.
Qxb2 Qa5 28. a3 Bg5 29. Rc2 Ke8 30. Qb4 Qa4 31. Qxa4 bxa4+ 32. Rb2 Rc8 33. Kc2
{(=)} 1/2-1/2

[Event "TOP 16 Jeunes "]
[Site "Agneaux"]
[Date "2010.05.22"]
[Round "8.2"]
[White "Thinon, Lucas"]
[Black "Deslias, Gregoire"]
[Result "1-0"]
[WhiteElo "1740"]
[BlackElo "1961"]
[PlyCount "91"]
[EventDate "2010.05.23"]
[EventType "team-match"]
[EventCountry "FRA"]

1. d4 Nf6 2. Bf4 e6 3. e3 c5 4. c3 Nc6 5. Nd2 d5 6. Ngf3 Bd6 7. Bg3 Qe7 8. Bd3
e5 9. dxe5 Bxe5 10. Qa4 Bd7 11. Qh4 O-O-O 12. Bxe5 Nxe5 13. Nxe5 Qxe5 14. Qg3
Qe7 15. h3 h5 16. O-O-O Rdg8 17. Qg5 h4 18. Bf5 Rh5 19. Bxd7+ Qxd7 20. Qf4 Qc7
21. Qf3 Rh6 22. Rhe1 g5 23. Kb1 Qe5 24. e4 Re8 25. exd5 Qxe1 26. Rxe1 Rxe1+ 27.
Kc2 Re5 28. d6 Nd7 29. Nc4 Re8 30. Na5 Rxd6 31. Qxb7+ Kd8 32. Nc6+ Rxc6 33.
Qxc6 Re2+ 34. Kb3 Rxf2 35. a4 f5 36. a5 g4 37. hxg4 fxg4 38. Qa8+ Ke7 39. Qe4+
Kd6 40. Qxg4 Ne5 41. Qxh4 Rxg2 42. Qd8+ Ke6 43. Qc8+ Kd6 44. Qb8+ Kd5 45. Qb7+
Nc6 46. Qd7+ 1-0

[Event "TOP 16 Jeunes "]
[Site "Agneaux"]
[Date "2010.05.22"]
[Round "8.3"]
[White "Purenne, Benoit"]
[Black "Chardon, Xavier"]
[Result "1-0"]
[WhiteElo "1880"]
[BlackElo "1658"]
[PlyCount "39"]
[EventDate "2010.05.23"]
[EventType "team-match"]
[EventCountry "FRA"]

1. d4 d5 2. e4 c6 3. Nc3 dxe4 4. Nxe4 Nf6 5. Ng3 e6 6. f4 Nbd7 7. Nf3 Bd6 8.
Bd3 O-O 9. O-O Qc7 10. Ne5 c5 11. c3 cxd4 12. cxd4 Qb6 13. Kh1 Kh8 14. Bc2 Nd5
15. Ne4 Bc7 16. Ng5 Nxe5 17. fxe5 h6 18. Nxf7+ Kg8 19. Nxh6+ gxh6 20. Qg4+ 1-0

[Event "TOP 16 Jeunes "]
[Site "Agneaux"]
[Date "2010.05.22"]
[Round "8.4"]
[White "Allamel, Benjamin"]
[Black "Le Bastard, Ronan"]
[Result "1-0"]
[WhiteElo "1600"]
[BlackElo "1574"]
[PlyCount "145"]
[EventDate "2010.05.23"]
[EventType "team-match"]
[EventCountry "FRA"]

1. d4 d5 2. Bf4 e6 3. e3 Be7 4. Nf3 Nd7 5. c4 Ngf6 6. Nc3 O-O 7. a3 c6 8. Qc2
Re8 9. Bd3 Nf8 10. h3 Ng6 11. Bh2 Bd6 12. Be5 Bxe5 13. Nxe5 Nxe5 14. dxe5 dxc4
15. Bxc4 Nd7 16. O-O-O Qg5 17. f4 Qg3 18. Qe2 Nf8 19. Ne4 Qh4 20. g3 Qe7 21.
Nd6 Rd8 22. h4 f6 23. exf6 Qxf6 24. Ne4 Rxd1+ 25. Rxd1 Qg6 26. Qf3 b5 27. h5
Qf7 28. Bxb5 cxb5 29. Nd6 Qc7+ 30. Kb1 Rb8 31. Qg4 Qc5 32. e4 Bd7 33. e5 b4 34.
h6 Ng6 35. Rh1 bxa3 36. Qxg6 Rxb2+ 37. Ka1 Rb1+ 38. Qxb1 Qd4+ 39. Ka2 Qd2+ 40.
Kxa3 Qc3+ 41. Ka2 Qa5+ 42. Kb2 Qd2+ 43. Ka1 Qd4+ 44. Qb2 Qa4+ 45. Kb1 gxh6 46.
Rc1 Qa6 47. Qb8+ Kg7 48. Qc7 Qd3+ 49. Rc2 Qd1+ 50. Kb2 Qd4+ 51. Rc3 Qd2+ 52.
Kb3 Qd5+ 53. Ka3 Kg6 54. Qxd7 Qa5+ 55. Kb3 Qd5+ 56. Rc4 Qd3+ 57. Kb4 Qb1+ 58.
Ka3 Qd3+ 59. Kb2 Qd2+ 60. Kb3 Qd3+ 61. Rc3 Qd5+ 62. Kb4 Qd4+ 63. Kb3 Qd5+ 64.
Kc2 Qa2+ 65. Kd3 Qd5+ 66. Ke3 Kh5 67. Ne4 Qa5 68. Qf7+ Kg4 69. Qxe6+ Kh5 70.
Nf6+ Kg6 71. Ne4+ Kh5 72. g4+ Kh4 73. Qxh6+ 1-0

[Event "TOP 16 Jeunes "]
[Site "Agneaux"]
[Date "2010.05.22"]
[Round "8.5"]
[White "Ginovart, Axel"]
[Black "Apap, Hugo"]
[Result "1/2-1/2"]
[WhiteElo "1748"]
[BlackElo "1580"]
[PlyCount "113"]
[EventDate "2010.05.23"]
[EventType "team-match"]
[EventCountry "FRA"]

1. e4 d6 2. d4 Nf6 3. Nc3 Nbd7 4. f4 e5 5. fxe5 dxe5 6. d5 Be7 7. Nf3 O-O 8.
Be2 a6 9. O-O Ng4 10. Qe1 b5 11. a3 c5 12. dxc6 Qb6+ 13. Kh1 Qxc6 14. Qg3 Qg6
15. Nh4 Bxh4 16. Qxh4 Ngf6 17. Be3 Bb7 18. Rad1 Rfd8 19. Bd3 Ng4 20. Bg1 Rac8
21. Nd5 Bxd5 22. exd5 e4 23. Be2 Ngf6 24. c3 Ne5 25. Qf4 Nd3 26. Bxd3 exd3 27.
d6 Ne4 28. Qf5 Qxf5 29. Rxf5 Rxd6 30. Bd4 Re8 31. g3 g6 32. Rf4 d2 33. Kg2 f5
34. h4 h5 35. Kf3 Kf7 36. Kg2 Ke7 37. Kf3 Kd7 38. Kg2 Kc6 39. Rf3 Kd5 40. b3 a5
41. Rd3 Kc6 42. Kf1 Nc5 43. R3xd2 Nxb3 44. Rd3 Nxd4 45. cxd4 Kd5 46. Rc3 Rc6
47. Rb3 Rb6 48. Rc3 Re7 49. Rc5+ Kd6 50. Kf2 a4 51. Rb1 Reb7 52. Rb4 Ke6 53.
Kf3 Rd7 54. Ke3 Rd5 55. Rc2 Kf6 56. Kf4 Re6 57. Rd2 1/2-1/2

[Event "TOP 16 Jeunes "]
[Site "Agneaux"]
[Date "2010.05.22"]
[Round "8.1"]
[White "Ozenne, Corentin"]
[Black "Romero, Vladimir"]
[Result "1-0"]
[WhiteElo "2056"]
[BlackElo "1867"]
[PlyCount "83"]
[EventDate "2010.05.23"]
[EventType "team-match"]
[EventCountry "FRA"]

1. d4 Nf6 2. c4 e6 3. Nf3 c5 4. d5 exd5 5. cxd5 d6 6. Nc3 g6 7. g3 Bg7 8. Bg2
O-O 9. O-O Re8 10. Bf4 Na6 11. Nd2 Nh5 12. Be3 Nc7 13. a4 a6 14. Nc4 Rb8 15.
Ne4 Bf8 16. Qd2 Bf5 17. Nc3 b5 18. axb5 axb5 19. Na5 Ra8 20. Nc6 Qd7 21. b4 Nf6
22. Rxa8 Rxa8 23. Bg5 Nfe8 24. e4 Bh3 25. Be3 Bxg2 26. Kxg2 cxb4 27. Nxb4 Na6
28. Nc6 Qb7 29. Rb1 Nec7 30. Qd3 Nb8 31. Nxb5 Nxc6 32. Nxc7 Qxc7 33. Qc2 Rb8
34. Rxb8 Qxb8 35. dxc6 Qc7 36. Bb6 Qc8 37. c7 Be7 38. Ba5 Kf8 39. Qc6 h5 40.
Qb5 h4 41. Qb8 h3+ 42. Kf3 1-0

[Event "TOP 16 Jeunes "]
[Site "Agneaux"]
[Date "2010.05.22"]
[Round "8.2"]
[White "Clement, Alexandre"]
[Black "Varin, Valentin"]
[Result "1-0"]
[WhiteElo "1862"]
[BlackElo "1780"]
[PlyCount "93"]
[EventDate "2010.05.23"]
[EventType "team-match"]
[EventCountry "FRA"]

1. e4 c5 2. Nf3 d6 3. d4 cxd4 4. Nxd4 Nf6 5. Nc3 a6 6. Bg5 e6 7. Bc4 b5 8. Bb3
Bb7 9. f3 Nc6 10. Qd2 Be7 11. O-O-O b4 12. Nxc6 Bxc6 13. Bxf6 gxf6 14. Ne2 a5
15. Kb1 h5 16. Nd4 Bd7 17. Bc4 Qb6 18. Qe2 Rb8 19. Rhe1 f5 20. Nxf5 Bf8 21. Ne3
Bg7 22. Qd2 Ke7 23. f4 Qc5 24. e5 d5 25. f5 Bh6 26. Bf1 Rhc8 27. Rc1 Rh8 28.
fxe6 fxe6 29. Qf2 d4 30. Qf6+ Ke8 31. Qxh8+ Bf8 32. Nc4 Bc6 33. Qxh5+ Kd7 34.
Qf7+ Be7 35. Nd2 a4 36. Bc4 Bd5 37. Bxd5 exd5 38. e6+ Kd8 39. Qf3 d3 40. cxd3
Qd4 41. Qe3 Qg7 42. Qe5 Qxe5 43. Rxe5 Bf6 44. Rxd5+ Ke7 45. Rc6 a3 46. Rd7+ Ke8
47. b3 1-0